| 000 | 00476nam a2200181Ia 4500 | ||
|---|---|---|---|
| 999 |
_c34888 _d34888 |
||
| 003 | OSt | ||
| 005 | 20200201141606.0 | ||
| 008 | 190216s9999||||xx |||||||||||||| ||und|| | ||
| 020 | _a8124001898 | ||
| 040 | _coclc | ||
| 082 |
_a320 _bVIJ/V |
||
| 100 |
_aVijayan, O V _91775 |
||
| 245 | 0 |
_aVargasamaram Swatwom / _cO V Vijayan |
|
| 260 |
_bCurrent Books, _aKottayam: |
||
| 300 | _a92p | ||
| 650 | _aHistory | ||
| 942 |
_cBK _2ddc _h320 _iVIJ/V _k320 _mVIJ/V |
||